[Event "Challenge"]
[Site "http://www.queenalice.com/game.php?id=328154"]
[Date "2007.12.30"]
[Round "-"]
[White "AdrianB"]
[Black "JAYMAC10"]
[Result "0-1"]
[WhiteElo "1803"]
[BlackElo "1614"]

1. e4 e5 2. Nf3 Nc6 3. Nc3 Bb4 4. Nd5 Nf6 5. Nxf6+ Qxf6 6. a3 Bc5 7. d3 O-O 8.
b4 Bd4 9. Nxd4 exd4 10. g3 Re8 11. Be2 d6 12. O-O Bh3 13. Re1 h6 14. Bg4 Bxg4
15. Qxg4 Ne5 16. Qf4 Nf3+ 17. Kf1 Nxe1 18. Qxf6 gxf6 19. Kxe1 f5 20. f3 d5 21.
Bxh6 dxe4 22. fxe4 fxe4 23. Kd2 Re6 24. Bf4 e3+ 25. Ke2 Rae8 26. Rc1 Kg7 27.
Bxc7 Ra6 28. c3 Rxa3 29. cxd4 Ra2+ 30. Kf3 Rf2+ 31. Kg4 e2 32. Be5+ Kg6 33. Re1
f5+ 34. Kh3 Re7 35. g4 Rh7+ 36. Kg3 Rfxh2 37. gxf5+ Kxf5 38. Kf3 R7h3+ 39. Bg3
b6 40. d5 a5 41. d6 Ke6 42. Kg4 Rh1 43. Rxe2+ Kd7 44. bxa5 bxa5 45. Re7+ Kd8 46.
Ra7 Rh5 47. Rxa5 Rxa5 48. Kf3 Rd5 49. Ke2 Rh3 0-1

[Event "Challenge"]
[Site "http://www.queenalice.com/game.php?id=328155"]
[Date "2007.12.30"]
[Round "-"]
[White "AdrianB"]
[Black "Capixaba789"]
[Result "1/2-1/2"]
[WhiteElo "1816"]
[BlackElo "1763"]

1. e4 e5 2. Nf3 Nf6 3. Nxe5 Bc5 4. Bc4 Bxf2+ 5. Kxf2 Nxe4+ 6. Kg1 d5 7. Bb3 Qf6
8. Nf3 Bg4 9. Bxd5 Bxf3 10. Qxf3 Qd4+ 11. Qe3 Qxd5 12. d3 O-O 13. Qxe4 Qc5+ 14.
Qe3 Qxc2 15. Nc3 Nc6 16. Qd2 Qxd2 17. Bxd2 Rad8 18. Bf4 Rxd3 19. Bxc7 Rd2 20.
Rb1 Nd4 21. h3 f5 22. Ba5 f4 23. Nd5 Ne2+ 24. Kh2 Rxd5 25. Bc7 Rdf5 26. Rhe1 Nd4
27. Re4 Nc6 28. Rf1 g5 29. Bd6 R8f7 30. Re8+ Kg7 31. Rf3 h5 32. a3 g4 33. hxg4
hxg4 34. Rf1 R7f6 35. Be7 Nxe7 36. Rxe7+ Rf7 37. Rxf7+ Rxf7 38. Rd1 f3 39. gxf3
Rxf3 40. Rg1 Rf2+ 41. Kg3 Rxb2 42. Ra1 Kf7 43. Kxg4 Ke7 44. Rd1 a5 45. Rd3 a4
46. Rd4 b5 47. Kf4 Ke6 48. Ke4 Re2+ 49. Kd3 Re5 50. Kc3 Rd5 51. Re4+ Kd6 52. Kb4
Rc5 53. Ka5 Kc6 54. Rb4 Rc3 55. Rxb5 Rxa3 56. Rb4 Kc5 57. Rxa4 Rxa4+ 58. Kxa4
Kc4 59. Ka5 1/2-1/2

[Event "Challenge"]
[Site "http://www.queenalice.com/game.php?id=328156"]
[Date "2007.12.30"]
[Round "-"]
[White "AdrianB"]
[Black "ThetrueElrohir"]
[Result "1-0"]
[WhiteElo "1744"]
[BlackElo "1423"]

1. e4 e5 2. Nf3 d6 3. Bc4 Nc6 4. Nc3 Nf6 5. Ng5 d5 6. exd5 Bg4 7. f3 Bh5 8. dxc6
bxc6 9. d3 h6 10. Nge4 g5 11. Nxf6+ Qxf6 12. Ne4 Qg6 13. g4 Rg8 14. gxh5 Qxh5
15. Nf6+ Ke7 16. Nxh5 f5 17. Bxg8 1-0

[Event "Challenge"]
[Site "http://www.queenalice.com/game.php?id=328157"]
[Date "2007.12.30"]
[Round "-"]
[White "AdrianB"]
[Black "El_Montes"]
[Result "1-0"]
[WhiteElo "1500"]
[BlackElo "1580"]

1. e4 e5 2. Nf3 d6 3. Bc4 Be6 4. Bxe6 fxe6 5. Nc3 Nc6 6. d3 h6 7. d4 Qf6 8. d5
exd5 9. Nxd5 Qd8 10. c3 Nce7 11. Nxe7 Qxe7 12. Be3 Nf6 13. Nh4 Qf7 14. Qd3 Ng4
15. Qb5+ c6 16. Qe2 Nf6 17. Nf5 Nxe4 18. Ng3 Nxg3 19. hxg3 Qd5 20. Qh5+ Kd8 21.
Bg5+ Be7 22. Bxe7+ Kxe7 23. Qh4+ Kd7 24. Qg4+ Kc7 25. Qxg7+ Kb6 26. Rh4 Rag8 27.
Rb4+ Ka5 28. Qc7+ Ka6 29. Ra4+ Kb5 30. Qa5# 1-0

[Event "Challenge"]
[Site "http://www.queenalice.com/game.php?id=328181"]
[Date "2007.12.30"]
[Round "-"]
[White "AdrianB"]
[Black "jonh28"]
[Result "1-0"]
[WhiteElo "1740"]
[BlackElo "1569"]

1. e4 Nf6 2. Nc3 c5 3. Nf3 Ng4 4. Bc4 e6 5. d3 Qa5 6. Bd2 Qb4 7. Nd5 Qxb2 8. Bc3
Qa3 9. Nc7+ Ke7 10. Qd2 Na6 11. Nxa8 Nf6 12. Rb1 d5 13. exd5 Nxd5 14. Bxd5 exd5
15. O-O d4 16. Rb3 Qxa2 17. Ra1 Qxb3 18. cxb3 dxc3 19. Qxc3 h5 20. Qe5+ Kd8 21.
Qd5+ Bd7 22. Ne5 Nb8 23. Nxf7+ Ke8 24. Nc7+ 1-0

[Event "Challenge"]
[Site "http://www.queenalice.com/game.php?id=328604"]
[Date "2007.12.31"]
[Round "-"]
[White "anairda"]
[Black "AdrianB"]
[Result "0-1"]
[WhiteElo "1391"]
[BlackElo "1803"]

1. e4 e5 2. Nf3 Nc6 3. c4 Bc5 4. h4 d6 5. Qa4 Nf6 6. d3 Ng4 7. Bg5 f6 8. Bd2
Nxf2 9. Rh2 Nxd3+ 10. Bxd3 Bg4 11. h5 Bxf3 12. gxf3 O-O 13. h6 g6 14. b4 Bd4 15.
Bc3 Bxc3+ 16. Nxc3 Nd4 17. O-O-O Nxf3 18. Rg2 g5 19. Nd5 c6 20. Ne3 Nh4 21. Rg3
Qe7 22. Nf5 Nxf5 23. exf5 Qf7 24. Rdg1 Qh5 25. b5 c5 26. Qa5 Qxh6 27. b6 axb6
28. Qxb6 Rxa2 29. Qxd6 g4+ 30. Kb1 Raa8 31. Qxc5 Qd2 32. Rxg4+ Kh8 33. Be4 Qa2+
34. Kc1 Qa1+ 35. Kc2 Qa2+ 36. Kc3 Ra3+ 37. Kb4 Qb3# 0-1

[Event "Challenge"]
[Site "http://www.queenalice.com/game.php?id=328645"]
[Date "2007.12.31"]
[Round "-"]
[White "Drica"]
[Black "AdrianB"]
[Result "0-1"]
[WhiteElo "1568"]
[BlackElo "1751"]

1. e4 e5 2. Nf3 Nc6 3. c4 Bc5 4. b3 Nd4 5. Nxe5 d6 6. Ba3 Bxa3 7. Nxa3 dxe5 8.
Nc2 Nxc2+ 9. Qxc2 Nf6 10. c5 Bg4 11. f3 Be6 12. h4 Nh5 13. c6 b6 14. Be2 Ng3 15.
Rg1 Qxh4 16. Kf2 Nxe2+ 17. Kxe2 Rd8 18. g3 Qh2+ 19. Ke3 Qh6+ 20. Ke2 O-O 21. Rh1
Qg5 22. Rag1 Rd6 23. Rh2 Rfd8 24. Rd1 Qxg3 25. b4 Qxh2+ 26. Ke3 Rd3+ 27. Qxd3
Rxd3+ 28. Kxd3 Qf2 29. a4 Qd4+ 30. Ke2 Bc4+ 31. d3 Ba6 32. b5 Bc8 33. Rc1 Bh3
34. Rc4 Qb2+ 35. Ke3 Bf1 36. d4 Qe2# 0-1

[Event "Challenge"]
[Site "http://www.queenalice.com/game.php?id=329165"]
[Date "2008.1.1"]
[Round "-"]
[White "RocketJoe"]
[Black "AdrianB"]
[Result "0-1"]
[WhiteElo "1122"]
[BlackElo "1803"]

1. d4 b6 2. e4 Bb7 3. Nc3 d6 4. Bf4 Nf6 5. Be3 Nxe4 6. Qf3 d5 7. Na4 Nd7 8. Bb5
a6 9. Bxd7+ Qxd7 10. Nh3 Qxa4 11. c3 f6 12. Nf4 O-O-O 13. Ne6 Rd6 14. Nf4 g5 15.
Nd3 Bh6 16. Qd1 Qxd1+ 17. Kxd1 a5 0-1

[Event "Challenge"]
[Site "http://www.queenalice.com/game.php?id=329166"]
[Date "2008.1.1"]
[Round "-"]
[White "RocketJoe"]
[Black "AdrianB"]
[Result "0-1"]
[WhiteElo "1122"]
[BlackElo "1803"]

1. e4 e5 2. Nf3 Nc6 3. Bc4 Nf6 4. O-O Nxe4 5. d3 Nd6 6. Bg5 f6 7. Bh4 Nxc4 8.
dxc4 g5 9. Bg3 f5 10. Nxe5 f4 11. Qe1 Nxe5 12. Qxe5+ Qe7 13. Qxh8 Qg7 14. Re1+
Kd8 15. Qxg7 Bxg7 16. Bxf4 gxf4 17. Re4 Bxb2 18. Rxf4 c6 19. Nc3 Bxa1 0-1

[Event "Challenge"]
[Site "http://www.queenalice.com/game.php?id=329167"]
[Date "2008.1.1"]
[Round "-"]
[White "El_Montes"]
[Black "AdrianB"]
[Result "0-1"]
[WhiteElo "1593"]
[BlackElo "1769"]

1. e4 e5 2. Bc4 Nf6 3. Nc3 Bb4 4. Nd5 Nxe4 5. Nf3 Bc5 6. Qe2 Bxf2+ 7. Kd1 f5 8.
d3 c6 9. dxe4 cxd5 10. exd5 e4 11. Qxf2 exf3 12. Qxf3 d6 13. h4 Bd7 14. Bg5 Qb6
15. Re1+ Kf7 16. Re7+ Kf8 17. g4 Qg1+ 18. Bf1 Qxg4 19. Bg2 Qxf3+ 20. Bxf3 h6 21.
Bh5 hxg5 22. Rf7+ Kg8 23. Bg6 Rh6 24. h5 Be8 25. Rxf5 Bxg6 26. hxg6 Rh1+ 27. Ke2
Rxa1 28. Rxg5 Rxa2 29. Kd3 Rxb2 30. Rg4 Nd7 31. Kc3 Rb1 32. Kd2 Ne5 33. Rf4 Nxg6
34. Rc4 Re8 35. Rc7 a5 36. Rc3 Rbe1 37. Rb3 R8e2+ 38. Kc3 Re3+ 39. Kc4 Rxb3 40.
cxb3 Ne5+ 41. Kb5 Ra1 42. Kb6 Ra3 43. Kxb7 Rxb3+ 44. Kc7 Nf7 0-1

[Event "Challenge"]
[Site "http://www.queenalice.com/game.php?id=329168"]
[Date "2008.1.1"]
[Round "-"]
[White "LAIRA"]
[Black "AdrianB"]
[Result "1-0"]
[WhiteElo "1751"]
[BlackElo "1840"]

1. d4 b6 2. e4 Bb7 3. Nc3 d6 4. Bd3 g6 5. Nge2 Nc6 6. Be3 Bg7 7. O-O e5 8. Bb5
Ne7 9. d5 a6 10. dxc6 Bxc6 11. Bxc6+ Nxc6 12. Nd5 Ne7 13. Bg5 f6 14. Bxf6 Bxf6
15. Nxf6+ Kf7 16. Nd5 Nxd5 17. Qxd5+ Kg7 18. f4 Re8 19. fxe5 Rxe5 20. Qf7+ Kh8
21. Rf3 Rxe4 22. Nc3 Re7 23. Qf6+ Rg7 24. Raf1 Qe7 25. Qd4 c5 26. Qd5 Re8 27.
Ne4 h5 28. Nxd6 Reg8 29. Nf7+ Kh7 30. Qg5 Qxg5 31. Nxg5+ Kh6 32. h4 Re8 33. Rf7
b5 34. Rxg7 Kxg7 35. Rf2 Re1+ 36. Kh2 Ra1 37. a3 Rb1 38. Ne6+ Kh6 39. Nxc5 Rxb2
40. Nxa6 Ra2 41. Nc7 Rb2 42. Nd5 Ra2 43. Rf7 Rxc2 44. Nf6 g5 45. hxg5+ Kxg5 46.
Ne4+ Kg6 47. Rf6+ Kg7 48. Rb6 Ra2 49. Rxb5 Rxa3 50. Rxh5 Ra4 51. Ng3 Kg6 52. Rb5
1-0

[Event "Challenge"]
[Site "http://www.queenalice.com/game.php?id=333554"]
[Date "2008.1.9"]
[Round "-"]
[White "AdrianB"]
[Black "trallala"]
[Result "1-0"]
[WhiteElo "1812"]
[BlackElo "1374"]

1. e4 d6 2. Nf3 g6 3. Bc4 Bg7 4. Ng5 e6 5. d3 Nc6 6. Qf3 Nf6 7. c3 Ne5 8. Qe2
Nxc4 9. dxc4 O-O 10. Na3 b6 11. Nb5 Bb7 12. O-O h6 13. Nf3 Nxe4 14. Nd2 Nc5 15.
Nf3 a6 16. Nbd4 e5 17. Nc2 Ne6 18. Ne3 Nf4 19. Qd1 1-0

[Event "Challenge"]
[Site "http://www.queenalice.com/game.php?id=333557"]
[Date "2008.1.9"]
[Round "-"]
[White "AdrianB"]
[Black "From77fr"]
[Result "0-1"]
[WhiteElo "1787"]
[BlackElo "2036"]

1. e4 c5 2. Bc4 e6 3. Nf3 Nc6 4. Nc3 Nge7 5. d4 cxd4 6. Nxd4 a6 7. Nxc6 bxc6 8.
Be3 d5 9. exd5 cxd5 10. Bb3 Nf5 11. Bd4 Qh4 12. Ba4+ Bd7 13. Bxd7+ Kxd7 14. Na4
Qxd4 15. Qxd4 Nxd4 16. Nb6+ Kc6 17. Nxa8 Nxc2+ 18. Ke2 Nxa1 19. Rxa1 Kb7 20. Rc1
Kxa8 21. Rc7 f6 22. a3 e5 23. f3 Kb8 24. Rd7 d4 25. b4 g6 26. Kd3 a5 27. bxa5
Bxa3 28. a6 f5 29. Rb7+ Ka8 30. g3 h6 31. Rg7 g5 32. Rf7 f4 33. g4 h5 34. h3
hxg4 35. hxg4 Rh6 36. a7 Rh1 37. Rg7 Rh3 38. Kc4 Rxf3 39. Kb5 Rc3 40. Kb6 Bc5+
41. Kb5 Bxa7 42. Ka6 Rc6+ 43. Kb5 Rf6 44. Rxg5 f3 0-1

[Event "AUTO-ADV-764"]
[Site "http://www.queenalice.com/game.php?id=333832"]
[Date "2008.1.9"]
[Round "1"]
[White "sidclay"]
[Black "AdrianB"]
[Result "1-0"]
[WhiteElo "1822"]
[BlackElo "1812"]

1. e4 b6 2. d4 Bb7 3. Nc3 g6 4. Be3 Bg7 5. Qd2 e6 6. Be2 Nc6 7. O-O-O Nh6 8.
Bxh6 Bxd4 9. Bb5 Qf6 10. Nge2 e5 11. Bxc6 Bxc6 12. f4 O-O-O 13. Bg5 Qd6 14. Bxd8
Rxd8 15. Nxd4 exd4 16. Qxd4 Qxf4+ 17. Kb1 Re8 18. Rhf1 Qg4 19. Rxf7 h5 20. Rdf1
Qxg2 21. R7f2 Qg4 22. b3 Bxe4 23. Nxe4 Rxe4 24. Rf8+ Kb7 25. Qd5+ c6 26. Qd1 Qe6
27. R8f6 Qe8 28. Qd6 Re1+ 29. Rxe1 Qxe1+ 30. Kb2 Qe8 31. Rf8 1-0

[Event "AUTO-ADV-764"]
[Site "http://www.queenalice.com/game.php?id=333833"]
[Date "2008.1.9"]
[Round "1"]
[White "AdrianB"]
[Black "sidclay"]
[Result "0-1"]
[WhiteElo "1779"]
[BlackElo "1838"]

1. e4 e5 2. Nf3 Nc6 3. Bc4 Nf6 4. Nc3 Bb4 5. Ng5 O-O 6. a3 Bxc3 7. dxc3 h6 8.
Nxf7 Rxf7 9. Bxf7+ Kxf7 10. f3 d6 11. O-O Be6 12. b4 Kg8 13. b5 Ne7 14. Qe1 Ng6
15. Qg3 Kh7 16. Bd2 Nh5 17. Qf2 Ngf4 18. a4 Bc4 19. Rfe1 Qg5 20. Kh1 Qf6 21. Qe3
Rf8 22. g4 Qg6 23. Rg1 Nf6 24. Qxa7 h5 25. g5 Nxe4 26. Bxf4 Rxf4 27. fxe4 Qxe4+
28. Rg2 b6 29. Qxc7 Bf1 0-1

[Event "AUTO-ADV-764"]
[Site "http://www.queenalice.com/game.php?id=333844"]
[Date "2008.1.9"]
[Round "1"]
[White "jordancavalera"]
[Black "AdrianB"]
[Result "0-1"]
[WhiteElo "1645"]
[BlackElo "1776"]

1. e4 e5 2. Nf3 Nc6 3. Nc3 Bc5 4. d3 Nf6 5. Be3 d6 6. Bxc5 dxc5 7. Be2 Nd4 8.
Nxe5 Be6 9. Nf3 h6 10. h3 O-O 11. e5 Nxf3+ 12. Bxf3 Nd5 13. O-O Nxc3 14. bxc3 c6
15. d4 cxd4 0-1

[Event "AUTO-ADV-764"]
[Site "http://www.queenalice.com/game.php?id=333845"]
[Date "2008.1.9"]
[Round "1"]
[White "AdrianB"]
[Black "jordancavalera"]
[Result "1-0"]
[WhiteElo "1765"]
[BlackElo "1653"]

1. e4 c5 2. Nf3 Nc6 3. Bc4 e5 4. d3 h6 5. Nc3 Nf6 6. Nd5 d6 7. h3 Be6 8. Nxf6+
Qxf6 9. Bxe6 Qxe6 10. O-O Nd4 11. c3 Nxf3+ 12. Qxf3 Be7 13. b3 O-O 14. Qg3 Bg5
15. Bxg5 hxg5 16. Qxg5 1-0

[Event "Challenge"]
[Site "http://www.queenalice.com/game.php?id=352561"]
[Date "2008.2.11"]
[Round "-"]
[White "AdrianB"]
[Black "jpot2503"]
[Result "0-1"]
[WhiteElo "1781"]
[BlackElo "1759"]

1. e4 e5 2. Nf3 Nc6 3. Nc3 Bb4 4. Bc4 Nf6 5. Ng5 O-O 6. Bxf7+ Rxf7 7. Nxf7 Kxf7
8. a3 Bxc3 9. dxc3 d6 10. Bg5 Be6 11. Bxf6 Qxf6 12. Qh5+ Kg8 13. O-O Bc4 14.
Rfe1 Rf8 15. f3 Ne7 16. Re3 Ng6 17. g3 c6 18. b3 Ba6 19. c4 Qd8 0-1